000 00496nam a2200181Ia 4500
005 20250508150601.0
008 008 250505s9999 xx 000 0 eng d
037 _aTextual
040 _aFEDL
_beng
_cFEDL
041 _aeng
_2eng
084 _a612, MUR
_qFEDL
100 _aMurche Vincent T
_9757104
245 0 _aElementary text-book of physiology
260 _aLondon, UK
_bBlackie and Son Limited
300 _a189p.
942 _cTEXL
_h612, MUR
999 _c1324398
_d1324398